Respuestas más adividadas en JetPunk #3 - Estadísticas

Estadísticas generales
  • Esta prueba ha sido intentada 4.544 veces
  • La puntuación promedio es 13 de 20
Estadísticas de respuestas
Prueba % Respuesta % Correcto
Ciudades más Grandes en Italia 100 Roma
99%
Instrumentos en una Orquestra 99 Violín
89%
Ciudades más grandes en América Latina 98 Buenos Aires
87%
Las islas más grandes del Caribe 99 Cuba
87%
Capitales Mundiales más Frías 98 Moscú
87%
Los Ríos más Largos del Mundo con un Mapa 97 Amazonas
83%
Tipos de Osos 97 Oso Polar
78%
Deportes de las Olimpiadas del 2016 97 Fútbol
70%
Miembros de "The Beatles" 96 John Lennon
67%
Gramática: Partes de la oración 98 Verbo
67%
Monarcas ingleses 96 Isabel
66%
Gases Nobles
92 Helio
61%
Países Ortodoxos 98 Rusia
61%
Naciones Célticas 97 Irlanda
59%
Las Marcas Más Valiosas en España 84 Zara
53%
Países con la menor cantidad de lluvia 91 Egipto
40%
Ciudades más grandes en el imperio de Alejandro 91 Atenas
36%
Capitales del Medio Oriente 98 El Cairo
27%
Capitales de los estados de México 88 Guadalajara
27%
Las 12 Tribus de Israel 80 José
7%
No se encontraron pruebas coincidentes
Distribución de puntuación
Porcentaje de gente con cada puntuación
Porcentaje por número respondido
Historial de tus puntuaciones
No has intentado esta prueba.